The economic organization

“The Economic Organization” provides a short introduction to the basic principles of supply, demand, and distribution that emerge from neoclassical price theory. The central role of the price mechanism in market organization is illustrated neatly by Knight’s "wheel of wealth"—the circular...

وصف كامل

محفوظ في:
التفاصيل البيبلوغرافية
المؤلف الرئيسي: Knight, Frank H.
التنسيق: كتاب
اللغة:Undetermined
منشور في: New York Augustus M. Kelley 1967
الموضوعات:
الوسوم: إضافة وسم
لا توجد وسوم, كن أول من يضع وسما على هذه التسجيلة!
Thư viện lưu trữ: Trung tâm Học liệu Trường Đại học Cần Thơ
LEADER 00906nam a2200193Ia 4500
001 CTU_231616
008 210402s9999 xx 000 0 und d
082 |a 338.5 
082 |b K69 
100 |a Knight, Frank H. 
245 4 |a The economic organization 
245 0 |c Frank H. Knight 
260 |a New York 
260 |b Augustus M. Kelley 
260 |c 1967 
520 |a “The Economic Organization” provides a short introduction to the basic principles of supply, demand, and distribution that emerge from neoclassical price theory. The central role of the price mechanism in market organization is illustrated neatly by Knight’s "wheel of wealth"—the circular flow diagram most often identified with macroeconomic flows, but introduced here for price theoretic reasons. 
650 |a Kinh tế học,Economics 
910 |b dqhieu 
980 |a Trung tâm Học liệu Trường Đại học Cần Thơ